00542nam a2200193 a 4500001001300000003000900013005001700022008004100039020002600080082002000106100002100126245004400147260004300191300000900234500003500243505001300278650003600291700002100327nice12345678IN_TiNIC20260116014927.0050524s1991 lona grp 000 0 eng  a023217X c799.3500a248.463092bHUG aHughes, Gerard W aWalk to Jerusalemb in Serarch of Peace aLondon bDarton, Longman & Todd c1991 a244p aincludes index and biblioraphy2 aEpilogue aPilgrims & Pilgrimage-Christian1 aHughes, Gerard W